Statistics for Word Ladder #8 - Classical Elements Edition

Click here to take the quiz!

General Stats

  • This quiz has been taken 500 times
  • The average score is 14 of 19

Answer Stats

HintAnswer% Correct
Element #1. The Third Rock.Earth
90%
Western Australian city.Perth
88%
Element #2. Just add…Water
87%
____ of least resistance.Path
86%
Phobia.Fear
84%
The _____ of tiny feet.Patter
82%
Clean-cut singer Boone.Pat
77%
Element #3. ___ Jordan or guitar.Air
76%
Granger & Weasley’s pal.Potter
74%
Cookie type: vanilla _____.Wafer
74%
Element #4. Pink slip.Fire
70%
Wookie covering.Fur
70%
Hitchcock movie, “____ Window.”Rear
70%
Where we got started.Earth
69%
Blond: ____-haired.Fair
62%
____ Madrid Club de Fútbol.Real
55%
_____ of Forth, Scotland.Firth
51%
Israeli prime minister, _____ Sharon.Ariel
48%
The Dreyfus ______.Affair
42%

Score Distribution

Percentile by Number Answered

Percent of People with Each Score

Your Score History

You have not taken this quiz